|
|
|
|
| LEADER |
00000nam0a2200000 4500 |
| 001 |
151408 |
| 005 |
20231101221546.0 |
| 010 |
|
|
|a 9785060061093
|
| 035 |
|
|
|a (RuTPU)RU\TPU\book\164153
|
| 035 |
|
|
|a RU\TPU\book\79368
|
| 090 |
|
|
|a 151408
|
| 100 |
|
|
|a 20050304d2009 m y0rusy50 ca
|
| 101 |
0 |
|
|a rus
|
| 102 |
|
|
|a RU
|
| 105 |
|
|
|a a j 001zy
|
| 200 |
1 |
|
|a Безопасность жизнедеятельности. Безопасность технологических процессов и производств. Охрана труда
|e учебное пособие для вузов
|f П. П. Кукин [и др.]
|
| 205 |
|
|
|a 5-е изд., стер.
|
| 210 |
|
|
|a Москва
|c Высшая школа
|d 2009
|
| 215 |
|
|
|a 335 с.
|c ил.
|
| 225 |
1 |
|
|a Для высших учебных заведений
|
| 225 |
1 |
|
|a Безопасность жизнедеятельности
|
| 318 |
|
|
|5 63413507
|a Безопасность жизнедеятельности. Охрана окружающей среды. Охрана труда
|b выставка
|
| 320 |
|
|
|a Библиогр.: с. 333.
|
| 330 |
|
|
|a Учебное пособие является составной частью дисциплины «Безопасность жизнедеятельности». В книге рассматривается безопасность человека в процессе трудовой деятельности с позиций правовой, организационной и технической защиты на основе анализа опасных и вредных факторов, формируемых техническими системами и средствами производственной среды. Пособие основывается на системе действующих государственных нормативных актов в области охраны труда и социальной защиты, утвержденных органами законодательной власти Российской Федерации. Для студентов вузов. Может быть полезно студентам средних профессиональных учебных заведений и колледжей; работникам отделов охраны труда промышленных предприятий.
|
| 451 |
|
1 |
|0 (RuTPU)RU\TPU\book\44671
|y 5-06-004157-3
|t Безопасность жизнедеятельности
|e 2-е изд., испр. и доп.
|c М.
|d 2002
|n Высшая школа
|p 319 с.
|
| 451 |
|
|
|t Безопасность технологических процессов и производств
|
| 451 |
|
|
|t Охрана труда
|o учебное пособие для вузов
|f П. П. Кукин, В. Л. Лапин, Н. Л. Пономарев, Н. И. Сердюк
|
| 606 |
1 |
|
|a Безопасность жизнедеятельности в техносфере
|2 stltpush
|3 (RuTPU)RU\TPU\subj\28155
|9 51745
|
| 610 |
1 |
|
|a жизнедеятельность
|
| 610 |
1 |
|
|a технологические процессы
|
| 610 |
1 |
|
|a теоретические основы
|
| 610 |
1 |
|
|a человеческий фактор
|
| 610 |
1 |
|
|a производственная безопасность
|
| 610 |
1 |
|
|a человек
|
| 610 |
1 |
|
|a защита
|
| 610 |
1 |
|
|a технические методы
|
| 610 |
1 |
|
|a охрана труда
|
| 610 |
1 |
|
|a правовые вопросы
|
| 610 |
1 |
|
|a пожарная безопасность
|
| 610 |
1 |
|
|a производственная среда
|
| 610 |
1 |
|
|a учебные пособия
|
| 675 |
|
|
|a 658.345(075.8)
|v 3
|
| 701 |
|
1 |
|a Кукин
|b П. П.
|g Павел Павлович
|
| 701 |
|
1 |
|a Лапин
|b В. Л.
|g Валерий Львович
|
| 701 |
|
1 |
|a Пономарев
|b Н. Л.
|g Николай Лукич
|
| 701 |
|
1 |
|a Сердюк
|b Н. И.
|g Николай Иванович
|
| 801 |
|
1 |
|a RU
|b 63413507
|c 20090122
|g PSBO
|
| 801 |
|
2 |
|a RU
|b 63413507
|c 20150731
|g PSBO
|
| 900 |
|
|
|a Безопасность жизнедеятельности
|
| 900 |
|
|
|a Охрана труда
|
| 900 |
|
|
|a Основы безопасности труда
|
| 942 |
|
|
|c BK
|
| 952 |
|
|
|a 510000
|a 520000
|a 550000
|
| 959 |
|
|
|a 10/20090122
|d 2
|e 352,00
|f АНЛ:1
|f ЧЗТЛ:1
|
| 959 |
|
|
|a 36/20090313
|d 5
|e 387,20
|f УФ:5
|
| 959 |
|
|
|a 93/20090911
|d 5
|e 446,60
|f УФ:5
|